Puitika sastera Melayu
| Main Author: | |
|---|---|
| Format: | Book |
| Published: |
Kuala Lumpur :
Dewan Bahasa Pustaka ,
2005
|
| Edition: | Edisi khas sasterawan Negara |
| Subjects: |
MARC
| LEADER | 00000cam a2200000 7i4500 | ||
|---|---|---|---|
| 001 | 0000023577 | ||
| 005 | 20080924.0 | ||
| 008 | 080924 | ||
| 020 | |a 9836270345 | ||
| 090 | 0 | 0 | |a 899.23 |b MUH |
| 100 | 0 | |a Muhannad Haji Salleh | |
| 245 | 1 | 0 | |a Puitika sastera Melayu |c Muhammad Haji Saleh |
| 250 | |a Edisi khas sasterawan Negara | ||
| 260 | |a Kuala Lumpur : |b Dewan Bahasa Pustaka , |c 2005 | ||
| 650 | 0 | |a Malay literature | |
| 650 | 0 | |a Malay literature |x History and criticism | |
| 999 | |a 0001028302 |b Book |c Adult Collection |e Perbadanan Perpustakaan Awam Johor | ||